| Record ID | marc_loc_2016/BooksAll.2016.part32.utf8:226174726:880 |
| Source | Library of Congress |
| Download Link | /show-records/marc_loc_2016/BooksAll.2016.part32.utf8:226174726:880?format=raw |
LEADER: 00880cam a22002774a 4500
001 2005354859
003 DLC
005 20050310143436.0
008 041112s2004 fr b 001 0 fre
010 $a 2005354859
020 $a2914863063
035 $a(FrPJT)JTL00146272
040 $aDLC$cDLC
042 $apcc
043 $ae-fr---
050 00 $aHD69.B7$bR45 2004
100 1 $aRemaury, Bruno.
245 10 $aMarques et récits :$bla marque face à l'imaginaire culturel contemporain /$cBruno Remaury.
260 $aParis :$bRegard :$bInstitut franc̦ais de la mode,$c2004.
300 $a127 p. ;$c21 cm.
440 0 $aCollection des éditions de l'Institut français de la mode
504 $aIncludes bibliographical references and index.
650 0 $aBrand name products.
650 0 $aTrademarks.
650 0 $aBrand name products$zFrance.
650 0 $aTrademarks$zFrance.